000 00781nam a2200169Ia 4500
008 090201s9999 xx 000 0 und d
010 _aKPL-18311
040 _bमराठी
041 _aमराठी
082 _a6136
_b18311
100 _aसुमंत मुरंजन
245 _aपुरोहित वर्ग वर्चस्व व भारताचा ससामाजिक इतिहास
_cसुमंत मुरंजन
260 _c2004
_bम.शं. साठे चिटणीस प्राज्ञ पाठशाळा मंडळ
300 _a194
_bमोठा
600 _aपुरोहित वर्ग वर्चस्व व भारताचा ससामाजिक इतिहास
942 _cBOOK
999 _c206973
_d206973